[Event "Karl Mala Memorial op-A 17th"]
[Site "Frankfurt"]
[Date "2014.08.03"]
[Round "6"]
[White "Wesoly, Helge"]
[Black "Muetsch, Annmarie"]
[Result "1-0"]
[WhiteElo "1768"]
[BlackElo "1701"]
[PlyCount "133"]
[EventDate "2014.07.31"]
[EventType "swiss"]
[EventRounds "7"]
[EventCountry "GER"]
[SourceTitle "EXT 2015"]
[Source "ChessBase"]
[SourceDate "2014.11.20"]
[SourceVersion "1"]
[SourceVersionDate "2014.11.20"]
[SourceQuality "1"]

1. d4 d5 2. c4 e6 3. e3 Nf6 4. Nc3 c5 5. cxd5 exd5 6. Nf3 Nc6 7. a3 Be6 8. dxc5 Bxc5 9. b4 Be7 10. Bb2 a6 11. Be2 0-0 12. 0-0 h6 13. Nd4 Bd6 14. Rc1 Ne5 15. Nxe6 fxe6 16. Na4 Nfd7 17. Qd4 Rf7 18. Nc5 Nxc5 19. bxc5 Bc7 20. Bh5 Re7 21. Be2 Rc8 22. Rfd1 Qf8 23. Qh4 Ng6 24. Qh3 Rd8 25. f4 e5 26. Bh5 Nh8 27. fxe5 Bxe5 28. Rf1 Bxb2 29. Rxf8+ Rxf8 30. Rf1 Rxf1+ 31. Kxf1 Bxa3 32. e4 Bb4 33. Qc8+ Kh7 34. exd5 g6 35. Bf3 Nf7 36. d6 Nxd6 37. cxd6 Bxd6 38. Bd5 Rg7 39. Bxb7 Bxh2 40. Bxa6 Bg3 41. Qg4 Be5 42. Bd3 Bf6 43. Qe6 Bg5 44. g4 Bf4 45. Kf2 Bg5 46. Kf3 Bh4 47. Kf4 Bg5+ 48. Kg3 Bc1 49. Qd6 Bg5 50. Be4 Rg8 51. Qd7+ Kh8 52. Qf7 Rg7 53. Qf8+ Rg8 54. Qd6 Kh7 55. Bd5 Rg7 56. Kf3 Bh4 57. Ke4 Bf2 58. Be6 Bh4 59. Qf8 Bg5 60. Bf7 Bh4 61. Kd5 Bg5 62. Ke6 Bh4 63. Qa8 Bg5 64. Qd5 Kh8 65. Kd7 Kh7 66. Ke8 Bh4 67. Qe5 1-0

[Event "Karl Mala Memorial op-A 17th"]
[Site "Frankfurt"]
[Date "2014.07.31"]
[Round "1"]
[White "Wesoly, Helge"]
[Black "Doeserich, Juergen"]
[Result "0-1"]
[WhiteElo "1768"]
[BlackElo "2114"]
[PlyCount "72"]
[EventDate "2014.07.31"]
[EventType "swiss"]
[EventRounds "7"]
[EventCountry "GER"]
[SourceTitle "EXT 2015"]
[Source "ChessBase"]
[SourceDate "2014.11.20"]
[SourceVersion "1"]
[SourceVersionDate "2014.11.20"]
[SourceQuality "1"]

1. d4 d5 2. c4 e6 3. Nc3 c5 4. cxd5 exd5 5. Nf3 Nc6 6. e3 Nf6 7. Be2 Be7 8. a3 c4 9. b3 cxb3 10. Qxb3 0-0 11. 0-0 Na5 12. Qa2 Be6 13. a4 Rc8 14. Bb2 Nc4 15. Rfc1 Nxb2 16. Qxb2 Qa5 17. Bd3 Bb4 18. Na2 Bd6 19. Nc3 a6 20. e4 Rxc3 21. Rxc3 dxe4 22. Bxa6 bxa6 23. Nd2 Qh5 24. Nf1 a5 25. Rc6 Bb4 26. Ne3 Nd5 27. Qc2 Bd7 28. Nxd5 Qxd5 29. Rc7 Be6 30. Qc6 Qxd4 31. Rc1 Rd8 32. h3 Bd6 33. Qc3 Bxc7 34. Qxc7 Qd2 35. Rc2 Qd1+ 36. Kh2 Qd6+ 0-1

[Event "Rhein Main op 13th"]
[Site "Bad Homburg"]
[Date "2010.06.03"]
[Round "3"]
[White "Wesoly, Helge"]
[Black "Enders, Georg"]
[Result "0-1"]
[WhiteElo "1762"]
[BlackElo "1965"]
[PlyCount "122"]
[EventDate "2010.06.02"]
[EventType "swiss"]
[EventRounds "7"]
[EventCountry "GER"]
[SourceTitle "EXT 2011"]
[Source "ChessBase"]
[SourceDate "2010.11.26"]
[SourceVersion "1"]
[SourceVersionDate "2010.11.26"]
[SourceQuality "1"]

1. d4 Nf6 2. c4 g6 3. Nc3 d5 4. cxd5 Nxd5 5. e4 Nxc3 6. bxc3 Bg7 7. Be3 c5 8. Qd2 Qa5 9. Rd1 0-0 10. Bc4 Nc6 11. Ne2 Rd8 12. 0-0 Ne5 13. Bd3 Nxd3 14. Qxd3 Qxa2 15. Ra1 Qe6 16. d5 Qd6 17. h3 a6 18. Rad1 b6 19. f4 Bb7 20. c4 Rac8 21. e5 Qd7 22. Nc3 e6 23. d6 Qc6 24. Qc2 Rd7 25. Bc1 b5 26. Rfe1 b4 27. Ne4 a5 28. Qf2 Qb6 29. Nf6+ Bxf6 30. exf6 Qd8 31. Bb2 Rxd6 32. Rxd6 Qxd6 33. Be5 Qd3 34. Ra1 Qxc4 35. Rxa5 Qd5 36. Rb5 b3 37. Qb2 Qd1+ 38. Kh2 Bd5 39. Rb8 Rxb8 40. Bxb8 Qc2 41. Be5 Qxb2 42. Bxb2 c4 43. g4 h6 44. Kg3 Be4 45. g5 h5 46. h4 Kf8 47. Kf2 Ke8 48. Ke3 Bd3 49. Kd4 Kd7 50. Kc5 Kc7 51. Bc3 Kb7 52. Kd6 Be4 53. Ke7 Bd5 54. Be5 Kc6 55. Kxf7 c3 56. Kxg6 b2 57. f7 b1Q+ 58. Kg7 Qb7 59. Bxc3 e5 60. g6 exf4 61. Kf6 Qc8 0-1

[Event "Main Vogelsberg op 5th"]
[Site "Hanau"]
[Date "2010.05.02"]
[Round "7"]
[White "Wesoly, Helge"]
[Black "Schmitt, Thorsten"]
[Result "0-1"]
[WhiteElo "1767"]
[BlackElo "1946"]
[PlyCount "68"]
[EventDate "2010.04.28"]
[EventType "swiss"]
[EventRounds "7"]
[EventCountry "GER"]
[SourceTitle "CBM 136 Extra"]
[Source "ChessBase"]
[SourceDate "2010.07.02"]
[SourceVersion "2"]
[SourceVersionDate "2010.07.15"]
[SourceQuality "1"]

1. d4 Nf6 2. c4 g6 3. Nc3 Bg7 4. e4 d6 5. f4 0-0 6. Nf3 c5 7. d5 e6 8. Bd3 exd5 9. cxd5 Re8 10. 0-0 Nbd7 11. a4 a6 12. Re1 Rb8 13. e5 dxe5 14. fxe5 Ng4 15. e6 fxe6 16. dxe6 Nde5 17. Nxe5 Nxe5 18. Be4 Qxd1 19. Nxd1 Bxe6 20. Bf4 Rbd8 21. Bxe5 Bxe5 22. Bxb7 Bc4 23. Kh1 Bd4 24. Nc3 Kg7 25. Bc6 Rxe1+ 26. Rxe1 Bxc3 27. bxc3 Rd3 28. Rc1 Kf6 29. h3 Ke5 30. Kh2 Kd6 31. Bf3 Bd5 32. Rd1 c4 33. Kg3 Kc5 34. Kf4 Bxf3 0-1

[Event "Main Vogelsberg op 4th"]
[Site "Heusenstamm"]
[Date "2009.05.03"]
[Round "6"]
[White "Pomeranets, Igor"]
[Black "Wesoly, Helge"]
[Result "0-1"]
[WhiteElo "1516"]
[BlackElo "1817"]
[PlyCount "82"]
[EventDate "2009.04.30"]
[EventType "swiss"]
[EventRounds "7"]
[EventCountry "GER"]
[SourceTitle "CBM 130 Extra"]
[Source "ChessBase"]
[SourceDate "2009.07.02"]
[SourceVersion "2"]
[SourceVersionDate "2009.07.15"]
[SourceQuality "1"]

1. Nf3 d5 2. d4 e6 3. g3 c5 4. Bg2 Nc6 5. 0-0 Nf6 6. Nc3 cxd4 7. Nxd4 Bc5 8. e3 0-0 9. a3 a6 10. b4 Nxd4 11. exd4 Bd6 12. Ne2 b5 13. Re1 h6 14. Bf4 Bb7 15. Be5 Ng4 16. Nf4 Nf6 17. Bh3 Bxe5 18. dxe5 Ne4 19. Qd4 Ng5 20. Bg2 Rc8 21. Qd3 Rc4 22. h4 Nh7 23. Ne2 Qc7 24. Nd4 Rc8 25. Re2 Rc3 26. Qd1 Nf8 27. Kh2 Nd7 28. f4 Nb6 29. Bh3 Nc4 30. Qc1 Qb6 31. Nb3 Ne3 32. Nc5 d4 33. Qb2 Qc6 34. Rf2 Qd5 35. Rg1 R8xc5 36. bxc5 Qxc5 37. a4 b4 38. Rc1 d3 39. Rd2 Nc4 40. Qa2 Nxd2 41. Bxe6 Nc4 0-1

[Event "Main Vogelsberg op 4th"]
[Site "Heusenstamm"]
[Date "2009.05.03"]
[Round "7"]
[White "Wesoly, Helge"]
[Black "Iwanziw, Niklas"]
[Result "0-1"]
[WhiteElo "1817"]
[BlackElo "1866"]
[PlyCount "168"]
[EventDate "2009.04.30"]
[EventType "swiss"]
[EventRounds "7"]
[EventCountry "GER"]
[SourceTitle "CBM 130 Extra"]
[Source "ChessBase"]
[SourceDate "2009.07.02"]
[SourceVersion "2"]
[SourceVersionDate "2009.07.15"]
[SourceQuality "1"]

1. d4 Nf6 2. c4 c5 3. d5 e6 4. Nc3 exd5 5. cxd5 d6 6. e4 g6 7. f4 Bg7 8. Nf3 0-0 9. Bd3 a6 10. a4 Nbd7 11. 0-0 Re8 12. Re1 Qc7 13. Be3 Ng4 14. Qe2 Rb8 15. h3 Nxe3 16. Qxe3 Qb6 17. Rab1 Bd4 18. Nxd4 cxd4 19. a5 Qc5 20. Na4 dxe3 21. Nxc5 Nxc5 22. Bc2 Re7 23. Rxe3 b6 24. b4 Nd7 25. Rc3 Nf6 26. Rc6 Nxe4 27. Bxe4 Rxe4 28. Rxd6 bxa5 29. Rd8+ Kg7 30. Rc1 axb4 31. Rcxc8 Rxc8 32. Rxc8 Rxf4 33. Ra8 Rd4 34. Rxa6 Rxd5 35. Rb6 Rd4 36. Kh2 g5 37. Kg3 Rf4 38. Kh2 h5 39. g3 Rc4 40. Kg2 f6 41. Kf3 Rc3+ 42. Kf2 b3 43. h4 gxh4 44. gxh4 Rh3 45. Kg2 Rxh4 46. Rxb3 Kg6 47. Rb8 Kg5 48. Rg8+ Kf4 49. Rh8 f5 50. Rh7 Rg4+ 51. Kf2 Rg5 52. Rh8 Kg4 53. Kg2 f4 54. Rf8 h4 55. Kf2 Rg7 56. Kg2 h3+ 57. Kf2 Rg5 58. Rh8 Rh5 59. Rg8+ Kh4 60. Kf3 h2 61. Kg2 Rc5 62. Kxh2 Rc3 63. Rh8+ Kg4 64. Kg2 Rc2+ 65. Kf1 Kg3 66. Rg8+ Kf3 67. Kg1 Rd2 68. Rf8 Rg2+ 69. Kf1 Rg4 70. Re8 Kg3 71. Kg1 Rg5 72. Rf8 Kf3+ 73. Kf1 Kg3 74. Kg1 Rb5 75. Rg8+ Kf3 76. Rg7 Rb1+ 77. Kh2 Kf2 78. Rf7 f3 79. Rf8 Rb7 80. Kh3 Rh7+ 81. Kg4 Kg2 82. Kf4 Rg7 83. Ra8 f2 84. Ra2 Kg1 0-1

[Event "Main Vogelsberg op 4th"]
[Site "Heusenstamm"]
[Date "2009.05.02"]
[Round "5"]
[White "Wesoly, Helge"]
[Black "Willems, Matthias"]
[Result "0-1"]
[WhiteElo "1817"]
[BlackElo "2038"]
[PlyCount "106"]
[EventDate "2009.04.30"]
[EventType "swiss"]
[EventRounds "7"]
[EventCountry "GER"]
[SourceTitle "CBM 130 Extra"]
[Source "ChessBase"]
[SourceDate "2009.07.02"]
[SourceVersion "2"]
[SourceVersionDate "2009.07.15"]
[SourceQuality "1"]

1. d4 d6 2. c4 e5 3. dxe5 dxe5 4. Qxd8+ Kxd8 5. Nf3 f6 6. e4 c6 7. Be3 a5 8. a3 Be6 9. Nc3 Nd7 10. 0-0-0 Kc7 11. Be2 g6 12. h3 Bh6 13. Bxh6 Nxh6 14. g4 Nf7 15. Kb1 a4 16. Rc1 Nc5 17. Nd5+ cxd5 18. cxd5 Kb6 19. dxe6 Nd6 20. g5 Ndxe4 21. gxf6 Nxf6 22. Nxe5 Nxe6 23. Rc4 Ra5 24. Rb4+ Ka7 25. Nc4 Rf5 26. Rxa4+ Kb8 27. Nb6 Kc7 28. Rb4 Rxf2 29. Rc1+ Kd6 30. Bb5 Rf4 31. Nc8+ Ke5 32. Re1+ Re4 33. Rbxe4+ Nxe4 34. Bd7 N6c5 35. Nb6 Nxd7 36. Nxd7+ Kf4 37. b4 Rd8 38. Rf1+ Kg3 39. Rf7 h5 40. Ne5 g5 41. Rf3+ Kg2 42. Rf7 b5 43. Nd7 Kxh3 44. a4 Nc3+ 45. Kc2 Nxa4 46. Kd2 g4 47. Ke2 Re8+ 48. Kf2 g3+ 49. Kf3 Re1 50. Rh7 Rf1+ 51. Ke2 Rf2+ 52. Ke1 Rf5 53. Nf6 g2 0-1

[Event "Hessen-ch Gr-C"]
[Site "Idstein"]
[Date "2009.04.08"]
[Round "1"]
[White "Zuschlag, Volker"]
[Black "Wesoly, Helge"]
[Result "1-0"]
[WhiteElo "1964"]
[BlackElo "1811"]
[PlyCount "59"]
[EventDate "2009.04.08"]
[EventType "swiss"]
[EventRounds "7"]
[EventCountry "GER"]
[SourceTitle "EXT 2010"]
[Source "ChessBase"]
[SourceDate "2010.11.25"]
[SourceVersion "1"]
[SourceVersionDate "2010.11.25"]
[SourceQuality "1"]

1. e4 c5 2. Nf3 d6 3. d4 cxd4 4. Nxd4 Nf6 5. Bd3 e6 6. 0-0 Nc6 7. c3 a6 8. Be3 Ne5 9. Bc2 d5 10. Nd2 dxe4 11. Nxe4 Be7 12. Qe2 0-0 13. Rfd1 Nd5 14. Rac1 Qc7 15. Bg5 Bxg5 16. Nxg5 h6 17. Ne4 Nf4 18. Qf1 b5 19. g3 Nd5 20. b3 Bb7 21. Bb1 Qe7 22. c4 bxc4 23. bxc4 Nf6 24. Qe2 Rfd8 25. c5 Nc6 26. Nxf6+ Qxf6 27. Nxc6 Bxc6 28. Rd6 Rxd6 29. cxd6 Bb5 30. Qe4 1-0

[Event "Hessen-ch Gr-D 62nd"]
[Site "Hanau"]
[Date "2008.03.21"]
[Round "2"]
[White "Wesoly, Helge"]
[Black "Reichel, Guenther"]
[Result "1/2-1/2"]
[WhiteElo "1847"]
[BlackElo "1635"]
[PlyCount "34"]
[EventDate "2008.03.21"]
[EventType "swiss"]
[EventRounds "5"]
[EventCountry "GER"]
[SourceTitle "CBM 123 Extra"]
[Source "ChessBase"]
[SourceDate "2008.05.06"]
[SourceVersion "1"]
[SourceVersionDate "2008.05.06"]
[SourceQuality "1"]

1. d4 e6 2. c4 f5 3. Nc3 Bb4 4. Bd2 Nf6 5. Nf3 0-0 6. d5 d6 7. dxe6 Bxe6 8. e3 Nbd7 9. Ng5 Qe7 10. Be2 Nb6 11. Nxe6 Qxe6 12. b3 Rae8 13. Nb5 Bxd2+ 14. Qxd2 Re7 15. 0-0 f4 16. Nd4 fxe3 17. fxe3 Qxe3+ 1/2-1/2

[Event "Dortmund op-A"]
[Site "Dortmund"]
[Date "2007.06.23"]
[Round "2"]
[White "Wesoly, Helge"]
[Black "Reichelt, Manfred"]
[Result "1/2-1/2"]
[WhiteElo "1858"]
[BlackElo "2056"]
[PlyCount "102"]
[EventDate "2007.06.22"]
[EventType "swiss"]
[EventRounds "9"]
[EventCountry "GER"]
[SourceTitle "EXT 2008"]
[Source "ChessBase"]
[SourceDate "2007.11.25"]
[SourceVersion "1"]
[SourceVersionDate "2007.11.25"]
[SourceQuality "1"]

1. d4 Nf6 2. c4 e6 3. Nc3 Bb4 4. Nf3 d5 5. e3 0-0 6. Bd3 c5 7. a3 Bxc3+ 8. bxc3 Qc7 9. cxd5 exd5 10. 0-0 Bg4 11. h3 Bh5 12. g4 Bg6 13. Bxg6 hxg6 14. Ng5 Re8 15. Kg2 Ne4 16. Nxe4 Rxe4 17. f3 Re8 18. Re1 Nd7 19. e4 dxe4 20. fxe4 cxd4 21. cxd4 Nf6 22. e5 Nd5 23. Qf3 Qc3 24. Qxc3 Nxc3 25. Bd2 Nd5 26. Rac1 Rac8 27. Rxc8 Rxc8 28. Rc1 Rxc1 29. Bxc1 Kf8 30. Kf3 Ke7 31. Bd2 Ke6 32. Ke4 f5+ 33. Kf3 b6 34. h4 a5 35. h5 fxg4+ 36. Kxg4 gxh5+ 37. Kxh5 Kf5 38. Kh4 Nc7 39. Be3 a4 40. Kg3 Ke4 41. Bf2 b5 42. Be1 Kxd4 43. Kf4 Kd5 44. Kf5 Ne6 45. Bc3 Nc5 46. Kg6 Ke6 47. Kxg7 Nd7 48. Kg6 Nxe5+ 49. Kg5 Nc4 50. Bb4 Ke5 51. Kg6 Nb2 1/2-1/2

[Event "Dortmund op-A"]
[Site "Dortmund"]
[Date "2007.06.22"]
[Round "1"]
[White "Schulze, Torben"]
[Black "Wesoly, Helge"]
[Result "1-0"]
[WhiteElo "2164"]
[BlackElo "1858"]
[PlyCount "71"]
[EventDate "2007.06.22"]
[EventType "swiss"]
[EventRounds "9"]
[EventCountry "GER"]
[SourceTitle "EXT 2008"]
[Source "ChessBase"]
[SourceDate "2007.11.25"]
[SourceVersion "1"]
[SourceVersionDate "2007.11.25"]
[SourceQuality "1"]

1. e4 c5 2. Nc3 d6 3. f4 Nc6 4. Nf3 e6 5. Bc4 a6 6. a4 Nf6 7. d3 Be7 8. 0-0 0-0 9. Qe1 Nb4 10. Bb3 Bd7 11. Qg3 b5 12. axb5 axb5 13. Rxa8 Qxa8 14. e5 dxe5 15. fxe5 Nh5 16. Qh3 g6 17. g4 Ng7 18. Ne4 c4 19. Nf6+ Bxf6 20. exf6 Qa7+ 21. Kg2 Bc6 22. fxg7 Bxf3+ 23. Qxf3 Rc8 24. dxc4 bxc4 25. Ba4 f5 26. b3 Nxc2 27. gxf5 gxf5 28. Kh1 Kxg7 29. Qg2+ Kf7 30. Qxc2 Rg8 31. Rxf5+ exf5 32. Qxf5+ Kg7 33. Bb2+ Kh6 34. Qh3+ Kg6 35. Qg4+ Kf7 36. Qf5+ 1-0

[Event "Rhein Main op 10th"]
[Site "Bad Homburg"]
[Date "2007.06.08"]
[Round "4"]
[White "Noble, Daniel"]
[Black "Wesoly, Helge"]
[Result "0-1"]
[WhiteElo "1263"]
[BlackElo "1858"]
[PlyCount "56"]
[EventDate "2007.06.06"]
[EventType "swiss"]
[EventRounds "7"]
[EventCountry "GER"]
[SourceTitle "EXT 2008"]
[Source "ChessBase"]
[SourceDate "2007.11.25"]
[SourceVersion "1"]
[SourceVersionDate "2007.11.25"]
[SourceQuality "1"]

1. e4 c5 2. Nc3 Nc6 3. g3 Nf6 4. Bg2 e6 5. d3 d5 6. f4 d4 7. Nce2 e5 8. Nf3 Bd6 9. f5 g6 10. Bh3 gxf5 11. Bxf5 Bxf5 12. exf5 e4 13. dxe4 Nxe4 14. 0-0 Qc7 15. Re1 0-0-0 16. Nf4 Nf6 17. Qd3 h5 18. Bd2 h4 19. Kf2 hxg3+ 20. hxg3 Ng4+ 21. Kg2 Nce5 22. Qe4 Nxf3 23. Kxf3 Nf6 24. Qd3 Rh2 25. Re2 Qc6+ 26. Re4 Nxe4 27. Qxe4 Rf2+ 28. Kxf2 Qxe4 0-1

[Event "Bad Bertrich op 11th"]
[Site "Bad Bertrich"]
[Date "2003.??.??"]
[Round "1"]
[White "Meyer, Gerd1111"]
[Black "Wesoly, Helge"]
[Result "1-0"]
[WhiteElo "2055"]
[BlackElo "1665"]
[PlyCount "40"]
[EventDate "2003.??.??"]
[EventType "swiss"]
[EventRounds "7"]
[EventCountry "GER"]
[SourceTitle "EXT 2007"]
[Source "ChessBase"]
[SourceDate "2006.11.23"]
[SourceVersion "1"]
[SourceVersionDate "2006.11.23"]
[SourceQuality "1"]

1. e4 c5 2. d4 cxd4 3. c3 dxc3 4. Nxc3 d6 5. Bc4 e6 6. Nf3 Be7 7. 0-0 Nf6 8. Qe2 a6 9. Rd1 b5 10. Bb3 Nbd7 11. e5 dxe5 12. Nxe5 Qb6 13. Be3 Qc7 14. Bf4 Nxe5 15. Bxe5 Qb6 16. Rd3 Bb7 17. Rg3 0-0 18. Bc2 g6 19. h4 Nh5 20. Qxh5 Rad8 1-0

[Event "Bad Bertrich op 11th"]
[Site "Bad Bertrich"]
[Date "2003.??.??"]
[Round "2"]
[White "Wesoly, Helge"]
[Black "Mittelsteiner, Horst"]
[Result "1-0"]
[WhiteElo "1665"]
[BlackElo "1980"]
[PlyCount "99"]
[EventDate "2003.??.??"]
[EventType "swiss"]
[EventRounds "7"]
[EventCountry "GER"]
[SourceTitle "EXT 2007"]
[Source "ChessBase"]
[SourceDate "2006.11.23"]
[SourceVersion "1"]
[SourceVersionDate "2006.11.23"]
[SourceQuality "1"]

1. d4 d5 2. c4 dxc4 3. Nc3 a6 4. e3 b5 5. Qf3 Ra7 6. e4 Bb7 7. a4 b4 8. Bxc4 e6 9. Nce2 Nf6 10. Ng3 Qxd4 11. Be3 Qxb2 12. Rc1 c5 13. N1e2 Nbd7 14. 0-0 Qe5 15. Bf4 Qb2 16. Rb1 Qa3 17. Bb3 c4 18. Bc1 Qxb3 19. Rxb3 cxb3 20. Qf4 e5 21. Qe3 Ra8 22. Bb2 Bc5 23. Qxb3 0-0 24. Nc1 a5 25. Nd3 Ba6 26. Rc1 Rac8 27. Qd1 Bd4 28. Rxc8 Rxc8 29. Bxd4 Bxd3 30. Qxd3 Rc1+ 31. Nf1 exd4 32. Qxd4 Nf8 33. f3 N6d7 34. Kf2 Nc5 35. Nd2 Nxa4 36. Nc4 b3 37. Kg3 h6 38. Nb2 Nc3 39. Qb6 a4 40. Qb4 Ne6 41. h3 Nc5 42. Kg4 Na2 43. Qb8+ Kh7 44. Nxa4 f5+ 45. Kxf5 Nxa4 46. Qxb3 Rc5+ 47. Ke6 N2c3 48. Qb8 Nb5 49. e5 Nd4+ 50. Kf7 1-0